000 00826nam a22002537a 4500
005 20170123162334.0
010 _aA-114920
020 _c12.00
035 _aA-114920
037 _bCen Lib/Ret
040 _aDPL
_bUR
082 _a841.08
_bق ر ے
100 _aقریشی ، عظمت الله
_9123239
245 _aمتاع نقد و نذر /
_cعظمت الله قریشی
246 _aMataye Naqd wa nazar /
_bby Azmatullah Qureshi
260 _aعلیگڑھ
_bایجوکیشنل بک ہاؤس
_c1981
270 _bعلیگڑھ
_aشمشاد مارکیٹ
300 _a104p.
_c21cm(Hb)
650 _a ادب - اردو
_9123240
650 _a اردو مضامین
_9123241
650 _aLiterature -- Urdu
_9123242
650 _aUrdu Essays
_9528
942 _2ddc
_cUR
_h841.08
_mق ر ے
999 _c108009
_d108009